Les Institutions de démocratie directe en droit suisse et comparé moderne / (Record no. 31009)

MARC details
000 -LEADER
campo de control de longitud fija 00597nam a2200169 i 4500
001 - NÚMERO DE CONTROL
campo de control 31009
003 - IDENTIFICADOR DE NÚMERO DE CONTROL
campo de control ES-MaACL
005 - FECHA Y HORA DE LA ÚLTIMA TRANSACCIÓN
campo de control 20230906154307.0
007 - CAMPO FIJO DE DESCRIPCIÓN FÍSICA--INFORMACIÓN GENERAL
campo de control de longitud fija t|
008 - DATOS DE LONGITUD FIJA--INFORMACIÓN GENERAL
campo de control de longitud fija 030128s1932 fr ||||1| fre d
100 1# - ENTRADA PRINCIPAL--NOMBRE DE PERSONA
Nombre de persona Battelli, Maurice.
9 (RLIN) 26477
245 14 - MENCIÓN DEL TÍTULO
Título Les Institutions de démocratie directe en droit suisse et comparé moderne /
Mención de responsabilidad, etc. Maurice Battelli ; préface de B. Mirkine-Guetxevitch.
260 ## - PUBLICACIÓN, DISTRIBUCIÓN, ETC.
Lugar de publicación, distribución, etc. París :
Nombre del editor, distribuidor, etc. Librairie du Recueil Sirey,
Fecha de publicación, distribución, etc. 1932] (
Lugar de fabricación/manufactura Toulouse :
Fabricante F. Boissean)
300 ## - DESCRIPCIÓN FÍSICA
Extensión XVIII, 319 p. ;
Dimensiones 21 cm.
700 1# - ENTRADA AGREGADA--NOMBRE PERSONAL
Nombre de persona Mirkine-Guetxevitch, B.
9 (RLIN) 81591
852 ## - LOCALIZACIÓN
Ubicación ES-MaACL
Número de control de estantería A-1557
Holdings
Estatus retirado Estado de pérdida Estado de daño No para préstamo Biblioteca de origen Biblioteca actual Ubicación en estantería Fecha de adquisición Fuente de adquisición Total de préstamos Signatura topográfica completa Código de barras Visto por última vez Precio de reemplazo Tipo de ítem Koha
        Biblioteca del Ateneo de Madrid Biblioteca del Ateneo de Madrid Sala Pecera Planta 1 17/01/2008     A-1557 1032034 23/02/2023 23/02/2023 Libro impreso